000 00416nam a2200157Ia 4500
005 20240807062541.0
008 240806s9999||||xx |||||||||||||| ||eng||
041 _aeng
082 _a612
_bBABH
100 _aE. Babsky, B. Khodorov, G. Kositsky
245 0 _aHuman physiology vol. i /
_cE. Babsky, B. Khodorov, G. Kositsky
260 _bMir Publishers Moscow
300 _a420
650 _aZoology
942 _cBK
999 _c22242
_d22242